00766cam a2200241 a 450000100060000000300080000600500170001400800410003103500520007204000370012404100130016106000230017408200210019724500880021825000120030626000340031830000240035249000300037650400200040665000210042670000470044783000300049432973BD-RjUL20211209051926.0140429s1950 enk 001 0 eng d aOCLC ocm14667417 from D960912Ma(BD-RjUL) 33063 aNLMcNLMdOUNdUKMdBD-RjULbeng1 aenghara0 aWZ 290bM953s 1950 a189.3bSPI 195014aThe spiritual physick of Rhazes /ctranslated from the Arabic by Arthur J. Arberry. a1st ed. aLondon :bJohn Murray,c1950. aV, 110 p. ;c18 cm.1 aWisdom of the East series aIncludes index. 0aConduct of life.1 aArberry, A. J.q(Arthur John),d1905-1969. 0aWisdom of the East series